Disney Quiz Stats

 Plays Quiz not verified by Sporcle

Support Sporcle.
Go Orange.
Score 0/14 Timer 10:00
0 Plays Today
% Correct
Cinderella
97.7%
Belle
97.5%
Tiana
95.6%
Ariel
95.2%
Jasmine
92%
Aurora
91.5%
Elsa
88.1%
% Correct
Rapunzel
86.9%
Mulan
85.6%
Merida
85.3%
Snow White
82.6%
Anna
81.2%
Pocahontas
80.3%
Kida
79.8%

You're not logged in!

Compare scores with friends on all Sporcle quizzes.
OR
Log In

From the Vault

Profile: The Police

by Kicking222

You don't have to put on the red light... but you should probably take this quiz.
Remove Ads.
Support Sporcle.
Get the best of Sporcle when you Go Orange. This ad-free experience offers more features, more stats, and more fun while also helping to support Sporcle. Thank you for becoming a member.

Show Comments

Extras

Top Quizzes Today


Score Distribution

Your Account Isn't Verified!

In order to create a playlist on Sporcle, you need to verify the email address you used during registration. Go to your Sporcle Settings to finish the process.

Report this User

Report this user for behavior that violates our Community Guidelines.

Details: